Historial del mar de Chile
Furkejuvvon:
| Váldodahkki: | |
|---|---|
| Materiálatiipa: | Girji |
| Giella: | espánnjágiella |
| Almmustuhtton: |
Valparaíso, Chile
Editor no identificado
2000
|
| Fáttát: | |
| Fáddágilkorat: |
Lasit fáddágilkoriid
Eai fáddágilkorat, Lasit vuosttaš fáddágilkora!
|
MARC
| LEADER | 00000nam a2200000 a 4500 | ||
|---|---|---|---|
| 001 | UCM0581 | ||
| 003 | CL-VaPUC | ||
| 005 | 20211009074542.0 | ||
| 008 | 020301e20000000cl |||||||||||||||||spa|d | ||
| 999 | |c 299468 |d 299466 | ||
| 040 | |c Pontificia Universidad Católica de Valparaíso | ||
| 082 | 0 | 4 | |a 363.123 VAR 2000 |2 21 |
| 100 | 0 | |a Vargas Sáez, Juan Francisco |e autor |9 467472 | |
| 245 | 1 | 0 | |a Historial del mar de Chile |
| 246 | 1 | 0 | |a Algunos siniestros marítimos acaecidos en el siglo XX |
| 260 | 0 | 3 | |a Valparaíso, Chile |b Editor no identificado |c 2000 |
| 300 | |a 958 páginas | ||
| 583 | |k Rodrigo Vera |c 20210517 | ||
| 650 | 0 | |a Accidentes marítimos |9 333327 | |
| 650 | 0 | |a Historia de Chile siglo 20 |y Siglo 20 |9 268145 | |
| 942 | |c BK |2 ddc | ||
| 945 | |d 20020301 00:00:00 |a cmena | ||
| 952 | |0 0 |1 0 |2 ddc |4 0 |6 363_123000000000000_VAR_2000 |7 0 |8 A |9 356026 |a BIBHIS |b BIBHIS |d 2019-11-21 |i 3791009 |l 2 |o 363.123 VAR 2000 |p 3791009 |r 2025-01-20 |s 2023-06-08 |t 1 |w 2019-11-21 |y BK |k HIS | ||